00462 2200169 4500001002100000005001500021035002000036007000300056008004100059082001000100084001600110100002100126245004600147260003000193300005100223600001800274INLIS00000000000164020230710023434 a0010-0723000017ta230710 b 1 ind  a398.2 a398.2 KHA a0 aKharisma Aprilia1 aanak katak yang nakal /cKharisma Aprilia aSurabaya :bcahaya agency a24 Halaman :bilustrasi berwarna ;c18 x 20 cm 4aCerita Rakyat